| 000 | 00403nam a2200133Ia 4500 | ||
|---|---|---|---|
| 008 | 231017s9999 xx 000 0 und d | ||
| 082 | _a388.314209 | ||
| 082 | _bSTU | ||
| 245 | 0 | _aNCHRP Report 500: Guidance for Implementation of the AASHTO Strategic Highway Safety Plan Volum 20: A Guide for Reducing Head-on Crashes on Freeways | |
| 245 | 0 | _cTRB | |
| 260 | _bTRB | ||
| 300 | _c30cm | ||
| 942 | _cREP | ||
| 999 |
_c604485 _d604485 |
||